| 000 | 00446nam a2200145Ia 4500 | ||
|---|---|---|---|
| 008 | 211109s9999||||xx |||||||||||||| ||und|| | ||
| 082 |
_a891.432 _bMOH-L |
||
| 100 | _aMohan, Rakesh | ||
| 245 | 0 | _aLahron Ke Rajhans 1965 | |
| 260 |
_bVANI Prakasan _aDelhi _c1965 |
||
| 300 | _a126p. | ||
| 630 | _xgeneral stack | ||
| 650 |
_aLiterature & rhetoric _vLiteratures of other languages _x East Indo-European & Celtic literaturesGeneralia |
||
| 942 | _cBOOK | ||
| 999 |
_c53662 _d53662 |
||